| 000 | 00399nam a22001337a 4500 | ||
|---|---|---|---|
| 082 |
_a624.1762 _bSEI _cL-39, P-189 |
||
| 100 |
_aGajanan M. Sabnis _947026 |
||
| 245 |
_aSeismic Rehabilitation of Concrete Structures _cGajanan M. Sabnis |
||
| 260 |
_aUSA _bAmerican Concrete Institute |
||
| 300 | _avii, P-318, : | ||
| 526 |
_a0 _b0 _c0 _d624_176200000000000_SEI |
||
| 650 |
_aMCE _9379 |
||
| 942 |
_2ddc _cBK |
||
| 999 |
_c550327 _d550327 |
||